[Event "Vall del Tenes op 5th"]
[Site "Vall del Tenes"]
[Date "2016.05.13"]
[Round "6"]
[White "Cregut, David Jean Louis"]
[Black "Lopez Torralba, Oscar"]
[Result "0-1"]
[WhiteElo "1715"]
[BlackElo "1813"]
[PlyCount "62"]
[EventDate "2016.04.08"]
[EventType "swiss"]
[EventRounds "8"]
[EventCountry "ESP"]
[SourceTitle "CBM 172 Extra"]
[Source "ChessBase"]
[SourceDate "2016.06.21"]
[SourceVersion "1"]
[SourceVersionDate "2016.06.21"]
[SourceQuality "1"]

1. d4 Nf6 2. c4 g6 3. Nf3 Bg7 4. e3 d6 5. Be2 0-0 6. 0-0 Nc6 7. Nc3 e5 8. d5 Ne7 9. e4 Nd7 10. Ng5 a5 11. Be3 h6 12. Nf3 f5 13. exf5 Nxf5 14. Bd2 Nc5 15. Qc2 g5 16. h3 Qe8 17. Nxg5 hxg5 18. Bxg5 Nd4 19. Qd2 Nxe2+ 20. Qxe2 Qg6 21. h4 Bf5 22. f3 Bd3 23. Qd2 Bxf1 24. Rxf1 Rf7 25. Be3 Nd3 26. Ne2 e4 27. Nf4 Nxf4 28. Bxf4 exf3 29. Rxf3 Qe4 30. Qf2 Raf8 31. g3 Bd4 0-1

[Event "Roncana op-B 9th"]
[Site "Santa Eulalia de Roncana"]
[Date "2015.11.07"]
[Round "5"]
[White "Cregut, David Jean Louis"]
[Black "Fernandez Herrera, Aleix"]
[Result "1-0"]
[WhiteElo "1686"]
[BlackElo "1738"]
[PlyCount "109"]
[EventDate "2015.10.03"]
[EventType "swiss"]
[EventRounds "8"]
[EventCountry "ESP"]
[SourceTitle "EXT 2017"]
[Source "ChessBase"]
[SourceDate "2016.10.25"]
[SourceVersion "1"]
[SourceVersionDate "2016.10.25"]
[SourceQuality "1"]

1. e4 e5 2. Nf3 Nf6 3. Bc4 Bc5 4. d3 Nc6 5. h3 0-0 6. Bg5 d6 7. 0-0 Be6 8. Nbd2 d5 9. exd5 Bxd5 10. Bxd5 Qxd5 11. Bxf6 gxf6 12. Ne4 Be7 13. Nh4 Kh8 14. Qf3 Qe6 15. c3 Rg8 16. Nf5 Rg6 17. Rfe1 Rag8 18. Neg3 e4 19. Rxe4 Ne5 20. Qe3 Rg5 21. Nd4 Qd6 22. Ndf5 Qd7 23. Nxe7 Qxe7 24. b3 Qd7 25. d4 Ng6 26. Qf3 f5 27. Rae1 fxe4 28. Qf6+ Rg7 29. Qxg5 Ne7 30. Qe5 Nc8 31. Rxe4 Nd6 32. Rg4 Ne8 33. Nh5 f6 34. Qf4 Rxg4 35. hxg4 Qd6 36. Qxd6 cxd6 37. f4 Kg8 38. Kf2 Kf7 39. f5 Nc7 40. Ke3 d5 41. Kd3 a5 42. Nf4 b5 43. c4 dxc4+ 44. bxc4 b4 45. Kc2 a4 46. Nd3 Na6 47. c5 Ke7 48. d5 Kd7 49. Kb2 Kc7 50. a3 b3 51. Kc3 Kd7 52. Kc4 Kc7 53. Nb2 Kd7 54. Nxa4 Nxc5 55. Kxc5 1-0